000 00319nam a22001337a 4500
008 170524b xxu||||| |||| 00| 0 eng d
020 _a0070190461
041 _aeng
080 _a621
100 _a26
101 _aIM
245 _aAUTOMATIC CONTROLS FOR HEATING AND AIR CONDITIONING
_cEDWARDS, H.J
942 _2udc
_cBK
999 _c14114
_d14114